TimGioh - Statistiken

Allgemein
  • Dieses Quiz wurde 7 mal gespielt
  • Das Durchschnittsergebnis liegt bei 5 aus 12
Antwortstatistiken
Frage Antwort % Korrekt
Wie gut ist sein Aim in Fortnite? (1-10) 1
86%
Mit welchem anderen Streamer sah man TimGioh das erste mal? MontanaBlack
86%
Was hat TimGioh neues? Tasse
86%
Welcher ist sein Liebingsverein der Bundesliga? Bayern
71%
Was ist TimGiohs berühmtester Spruch? Monte man yes
71%
Was soll er rausholen? hunderter
43%
Was verändert sich? Yu-Gi-Oh!-Timerule
43%
Was hat er falsch versendet? die Karte
29%
Ist TimGioh religiös? Manchmal
14%
Was für ein Auto fährt TimGioh? VW ID-Buzz
14%
Bei wem hatte er Schlagzeugunterricht? Drummer von MJ
0%
Was darf TimGioh bei Montanablack? mitfahren
0%
Keine übereinstimmenden Quizze gefunden
Verteilung der Resultate
Anzahl Personen mit jedem Resultat
Perzentil nach korrekt beantworteten Fragen
Ihre Resultats-Entwicklung
Sie haben dieses Quiz noch nicht gespielt